| 000 | 00769nam a2200241 a 4500 | ||
|---|---|---|---|
| 008 | |||
| 020 | _a0073195553 (hbk.) | ||
| 049 | _aMAIN | ||
| 090 | 0 | 1 |
_aHF5679 _bHUR |
| 100 | 1 | _aHurt, Robert L. | |
| 245 | 1 | 0 |
_aAccounting information systems : _bbasic concepts and current issues / _cRobert L. Hurt. |
| 260 |
_aBoston : _bMcGraw-Hill Irwin, _cc2008. |
||
| 300 |
_axx, 343 p. ; _c24 cm. |
||
| 500 | _aIncludes index. | ||
| 504 | _aIncludes bibliographical references. | ||
| 650 | 0 |
_aAccounting _xData processing. |
|
| 650 | 0 |
_aInformation storage and retrieval systems _xAccounting. |
|
| 907 |
_a.b10285283 _b09-11-11 _c26-10-10 |
||
| 003 | |||
| 005 | 20230123125051.0 | ||
| 040 | _cNUST | ||
| 942 |
_cBOOKS _kHF5679 _mHUR |
||
| 999 |
_c135146 _d135146 |
||